[Event "XIX Sants Open 2017"]
[Site "Cotxeres de Sants"]
[Date "2017.08.21"]
[Round "4"]
[White "Garriga Cazorla, Pere"]
[Black "Dobrov, Vladimir"]
[Result "0-1"]
[WhiteElo "2405"]
[BlackElo "2510"]
[Annotator "TA"]
[PlyCount "80"]
[EventDate "2017.??.??"]
[EventType "swiss"]
[EventCountry "ESP"]
[SourceTitle "playchess.com"]
[Source "ChessBase"]
[SourceQuality "1"]

{[%evp 9,80,0,11,0,0,0,0,0,0,2,11,-2,-12,-16,-28,-30,-30,-28,-27,-25,-29,-26,-26,-40,-42,-40,-43,-73,-35,-50,-37,-43,-47,-59,-34,-55,-47,-50,0,0,0,0,0,0,21,8,8,8,7,0,0,0,0,0,0,-141,-121,-120,-110,-488,-483,-1776,-1712,-1362,-868,-859,-848,-1121,-824,-1352,-1270,-29983,-29983]} 1. d4 Nf6 2. c4 e6 3. Nc3 Bb4 4. e3 d5 5. Bd3 e5 {LiveBook: 12 Games} 6. a3 {E40: Nimzo-Indian: Rubinstein (4 e3): Unusual Black 4th moves} Bxc3+ 7. bxc3 e4 8. Be2 {The position is equal.} c6 9. h4 $146 ({Predecessor:} 9. a4 O-O 10. Qb3 b6 11. Ba3 Re8 12. cxd5 cxd5 13. Bb5 {0-1 (40) Rajlich,I (2424)-Fridman,D (2646) Wroclaw 2009}) 9... O-O 10. Nh3 b6 {[%cal Bb7b6,Bb6b5][%mdl 32]} 11. Nf4 Ba6 12. Qb3 Bxc4 13. Bxc4 dxc4 14. Qxc4 Nd5 15. Ne2 b5 16. Qb3 Nb6 17. f3 Qd5 18. Rb1 {Qxd5 would now be nice for White.} exf3 19. Qxd5 cxd5 20. gxf3 a6 21. e4 Nc6 22. Kf2 Rac8 23. Rg1 {[#] Strongly threatening Bh6.} f5 24. Bh6 fxe4 25. Rxg7+ Kh8 26. Rg3 {And now Bg7+ would win.} Rxf3+ 27. Rxf3 exf3 28. Nf4 Ne7 $1 {[%cal Re7f5]} 29. Rg1 Nf5 30. Bg5 {[#] Threatens to win with Bf6+.} h6 $1 {[%cal Rh6g5]} 31. Bf6+ Kh7 32. Be5 (32. Re1 $11) 32... Rxc3 $17 33. h5 a5 34. Rg6 $2 {[%mdl 8192]} (34. Ng6 $17 {is more resistant.} Nd7 35. Rg4) 34... Rc2+ $19 35. Kg1 (35. Kxf3 $142 Nh4+ 36. Kg4 Nxg6 37. hxg6+ Kg8 38. Bd6) 35... f2+ 36. Kg2 Nh4+ 37. Kf1 Nxg6 38. hxg6+ Kg8 39. g7 Nd7 40. Nh5 b4 {Precision: White = 46%, Black = 74%.} 0-1

[Event "XIX Sants Open 2017"]
[Site "Cotxeres de Sants"]
[Date "2017.08.21"]
[Round "4"]
[White "Kleinman, Michael"]
[Black "Munoz, Miguel"]
[Result "1/2-1/2"]
[WhiteElo "2340"]
[BlackElo "2497"]
[Annotator "TA"]
[PlyCount "77"]
[EventDate "2017.??.??"]
[EventType "swiss"]
[EventCountry "ESP"]
[SourceTitle "playchess.com"]
[Source "ChessBase"]
[SourceQuality "1"]

{[%evp 25,77,47,41,-22,-23,-20,-26,-15,-4,-11,-2,-4,-2,-2,-1,0,0,0,0,0,0,-9,-15,-21,0,-8,0,0,0,0,0,0,0,0,0,0,0,0,0,0,0,0,0,0,0,0,0,0,0,0,0,0,0,0]} 1. Nf3 Nf6 2. c4 g6 3. g3 Bg7 4. Bg2 O-O 5. O-O c5 6. Nc3 d6 7. d4 Nc6 8. dxc5 dxc5 9. Bf4 Bd7 10. Ne5 {E65: King's Indian: Fianchetto: 6...c5 7 0-0 without d5 by White} Qc8 11. Qb3 Nxe5 12. Bxe5 Bc6 13. Nd5 Nxd5 {[#] LiveBook: 4 Games} 14. cxd5 $146 (14. Bxg7 $14 Nf4 15. Bxf8 (15. gxf4 Kxg7 16. Qc3+ Kg8 $11) 15... Nxe2+ 16. Kh1) ({Predecessor:} 14. Bxg7 Nf4 15. Bxf8 Bxg2 16. Rfe1 Bc6 17. gxf4 Kxf8 {1-0 (30) Bruzon Batista,L (2607)-Dominguez Aguilar,G (2412) Merida 2007}) 14... Bxe5 $11 15. dxc6 bxc6 16. Qc2 Qe6 {The position is equal.} (16... Qa6 {is more complex.} 17. Qxc5 Bf6 18. e3 Bxb2 19. Qxc6 Qxc6 20. Bxc6 Bxa1 21. Bxa8 Rxa8 22. Rxa1 Rc8) 17. Qxc5 Bxb2 18. Qxc6 Qxc6 19. Bxc6 Bxa1 20. Bxa8 Rxa8 (20... Be5 $5 {[%cal Rf8a8]} 21. Bf3 Rc8 $11) 21. Rxa1 {[%mdl 4096] Endgame KR-KR} Rc8 22. Rb1 Rc2 23. Rb7 Rxa2 24. Rxe7 Kf8 25. Rb7 Rxe2 (25... a5 $5 {[%cal Ra2e2]}) 26. Rxa7 h5 27. h4 Kg7 28. Ra6 Rb2 29. Kg2 Rb3 30. Rc6 Rb5 31. Ra6 f6 32. Ra7+ Kh6 33. Rf7 Rb6 34. f4 Rb2+ 35. Kf3 Rb3+ 36. Kf2 Rb2+ 37. Kf3 Rb3+ 38. Kf2 Rb2+ 39. Kf3 {Precision: White = 80%, Black = 77%.} 1/2-1/2

[Event "XIX Sants Open 2017"]
[Site "Cotxeres de Sants"]
[Date "2017.08.21"]
[Round "4"]
[White "Karthik Venkataraman"]
[Black "Praggnanandhaa R"]
[Result "1-0"]
[WhiteElo "2316"]
[BlackElo "2487"]
[Annotator "TA"]
[PlyCount "79"]
[EventDate "2017.??.??"]
[EventType "swiss"]
[EventCountry "ESP"]
[SourceTitle "playchess.com"]
[Source "ChessBase"]
[SourceQuality "1"]

{[%evp 15,79,-32,-40,-36,-35,-80,-81,-90,-84,-83,-71,-109,-102,-113,-126,-127,-125,-113,-131,-165,-26,-20,-6,-16,-17,-69,-77,-62,-7,0,0,0,0,-13,0,0,50,39,39,40,195,184,200,202,223,194,213,194,339,314,1352,1345,1175,1179,29984,29985,29993,5631,29981,29981,29981,29982,29980,29979,29991,29990]} 1. c4 e5 2. g3 Nf6 3. Bg2 c6 4. d4 e4 5. Nc3 d5 6. Bg5 {A20: English Opening: 1...e5} (6. cxd5 cxd5 7. Nh3 Bb4 8. O-O Bxc3 9. bxc3 O-O 10. f3 exf3 11. Rxf3 h6 12. Qf1 Nbd7 {½-½ (50) Aronian,L (2785)-Anand,V (2779) Doha 2016}) 6... Bb4 7. Qb3 Bxc3+ 8. bxc3 Nbd7 $1 {[%cal Bb8d7,Bd7b6,Bb6c4][%mdl 32] LiveBook: 6 Games} 9. Nh3 h6 10. Bc1 $146 ({Predecessor:} 10. Bxf6 Nxf6 11. cxd5 Nxd5 12. O-O O-O {½-½ (37) Weyerstrass,R-Povah,N ICCF corr 1992}) 10... O-O 11. cxd5 cxd5 12. O-O Re8 13. Nf4 Nb6 14. a4 Nc4 15. f3 Na5 16. Qa2 {[#] next fxe4 is good for White.} Bf5 $1 17. g4 exf3 (17... Bh7 $19 18. h4 Nc4) 18. exf3 $11 Be6 19. Nd3 Nd7 (19... Qc7 $5 {[%cal Rc7c3]}) 20. f4 (20. h3 $11) 20... Bxg4 $15 21. Bxd5 Be6 ({Black should try} 21... Re2 $15 22. Bd2 (22. Bxf7+ Kh8 $15) 22... Qf6) 22. Bxe6 $11 Rxe6 23. f5 Rc6 24. Bd2 Nc4 25. Bf4 Ndb6 {And now ...Nd5 would win.} 26. Nb4 Rcc8 {With the idea ...a5.} 27. Qg2 {Black must now prevent Bxh6.} Kh7 $2 ({Better is} 27... a5 $1 $14 28. Bxh6 Qf6) 28. a5 $18 ({Worse is} 28. Qxb7 a5 $15) 28... Nd7 29. Qxb7 $40 {[%mdl 128] White attacks with force.} Nxa5 {[#]} 30. Rxa5 $1 {[%mdl 512]} Qxa5 31. Qxd7 Rxc3 (31... f6 {was necessary.} 32. Qd5 Qa3) 32. Nd5 ({Not} 32. Qxf7 Qxb4 33. Be5 Qf8 $15) 32... Rd8 $2 {[#]} (32... Rf8 33. Nxc3 Qxc3 34. Qxa7 Rd8) 33. Nf6+ $1 {[%mdl 512]} Kh8 (33... gxf6 34. Qxf7+) 34. Qxf7 {White wants to mate with Bxh6!} Qb6 35. Be5 Qb3 36. Qe7 (36. Qg6 $142 Rg3+ 37. hxg3 Qxg3+ 38. Bxg3 gxf6 39. Rc1 Rf8 40. Rc7 Rf7 41. Rc8+ Rf8 42. Rxf8#) 36... Rcc8 37. Ng4 {[%csl Ge5][%cal Re7g7] White mates.} Rg8 38. f6 Kh7 39. fxg7 Rc2 40. Qf6 {Precision: White = 65%, Black = 34%.} 1-0

[Event "XIX Sants Open 2017"]
[Site "Cotxeres de Sants"]
[Date "2017.08.21"]
[Round "4"]
[White "Petit Montes, Marc"]
[Black "Sole Gonzalez, Edgar"]
[Result "1-0"]
[WhiteElo "1948"]
[BlackElo "1866"]
[Annotator "NA"]
[PlyCount "41"]
[EventDate "2017.??.??"]
[EventType "swiss"]
[EventCountry "ESP"]
[SourceTitle "playchess.com"]
[Source "ChessBase"]
[SourceQuality "1"]
[TimeControl "40/5400+30:1800+30"]

1. e4 {[%emt 0:08:51]} e5 {[%emt 0:02:39]} 2. Nf3 {[%emt 0:00:29]} Nc6 {[%emt 0:00:13]} 3. d4 {[%emt 0:00:25]} exd4 {[%emt 0:00:30]} 4. Nxd4 {[%emt 0:00:08]} Bc5 {[%emt 0:00:18]} 5. Be3 {[%emt 0:00:49]} Bb6 {[%emt 0:00:11]} 6. Nf5 {[%emt 0:01:02]} Qf6 {[%emt 0:09:47]} 7. Nc3 {[%emt 0:02:09]} Nge7 {[%emt 0:01:17]} 8. Bxb6 {[%emt 0:01:18]} axb6 {[%emt 0:00:15]} 9. Ne3 {[%emt 0:00:18]} d6 {[%emt 0:02:21]} 10. Nb5 {[%emt 0:05:58]} Kd8 {[%emt 0:12:09]} 11. Be2 {[%emt 0:22:32]} Bd7 {[%emt 0:05:10]} 12. O-O {[%emt 0:08:34]} Na7 {[%emt 0:16:00]} 13. Nc3 {[%emt 0:01:48]} g6 {[%emt 0:06:25]} 14. Qd2 {[%emt 0:05:59]} Ke8 {[%emt 0:08:48]} 15. Ned5 {[%emt 0:14:24]} Nxd5 {[%emt 0:00:44]} 16. Nxd5 {[%emt 0:00:50]} Qd8 {[%emt 0:00:15]} 17. Qd4 {[%emt 0:00:08]} Rf8 {[%emt 0:02:19]} 18. Nf6+ {[%emt 0:01:13]} Ke7 {[%emt 0:00:05]} 19. e5 {[%emt 0:02:48]} Nc6 {[%emt 0:02:26]} 20. exd6+ {[%emt 0:00:33]} cxd6 {[%emt 0:00:20]} 21. Qh4 1-0

[Event "XIX Sants Open 2017"]
[Site "Cotxeres de Sants"]
[Date "2017.08.21"]
[Round "4"]
[White "Muhammad, Qasim"]
[Black "Marza Vendrell, Conrado"]
[Result "1/2-1/2"]
[WhiteElo "1850"]
[BlackElo "1943"]
[Annotator "NA"]
[PlyCount "88"]
[EventDate "2017.??.??"]
[EventType "swiss"]
[EventCountry "ESP"]
[SourceTitle "playchess.com"]
[Source "ChessBase"]
[SourceQuality "1"]
[TimeControl "40/5400+30:1800+30"]

1. e4 {[%emt 0:00:00]} e6 {[%emt 0:00:10]} 2. d4 {[%emt 0:00:00]} d5 {[%emt 0:00:09]} 3. Nc3 {[%emt 0:00:06]} Bb4 {[%emt 0:00:24]} 4. e5 {[%emt 0:00:17]} c5 {[%emt 0:00:15]} 5. Qg4 {[%emt 0:00:10]} Ne7 {[%emt 0:01:35]} 6. dxc5 {[%emt 0:00:28]} Bxc3+ {[%emt 0:00:35]} 7. bxc3 {[%emt 0:00:18]} Nbc6 {[%emt 0:02:14]} 8. Nf3 {[%emt 0:00:41]} Ng6 {[%emt 0:06:57]} 9. Bd3 {[%emt 0:01:38]} Qc7 {[%emt 0:03:36]} 10. O-O {[%emt 0:13:26]} Bd7 {[%emt 0:02:50]} 11. Re1 {[%emt 0:01:16]} O-O-O {[%emt 0:00:46]} 12. Qg3 {[%emt 0:00:41]} Rdg8 {[%emt 0:03:06]} 13. Bd2 {[%emt 0:15:37]} f5 {[%emt 0:07:33]} 14. exf6 {[%emt 0:06:39]} Qxg3 {[%emt 0:01:54]} 15. hxg3 {[%emt 0:00:45]} gxf6 {[%emt 0:00:18]} 16. Nd4 {[%emt 0:00:39]} Nd8 {[%emt 0:01:58]} 17. c4 {[%emt 0:09:56]} Ne7 {[%emt 0:04:11]} 18. cxd5 {[%emt 0:03:30]} Nxd5 {[%emt 0:02:08]} 19. Bc4 {[%emt 0:00:41]} Nc7 {[%emt 0:00:12]} 20. Ba5 {[%emt 0:07:34]} Re8 {[%emt 0:03:21]} 21. Rab1 {[%emt 0:05:05]} e5 {[%emt 0:05:00]} 22. Nb5 {[%emt 0:05:08]} Nxb5 {[%emt 0:02:09]} 23. Bxb5 {[%emt 0:00:17]} Bxb5 {[%emt 0:00:34]} 24. Rxb5 {[%emt 0:00:17]} Nc6 {[%emt 0:00:13]} 25. Bc3 {[%emt 0:00:19]} Rd8 26. Reb1 {[%emt 0:03:45]} Rd7 {[%emt 0:03:06]} 27. a4 {[%emt 0:00:38]} Rhd8 {[%emt 0:00:51]} 28. Kf1 {[%emt 0:02:22]} Rd1+ {[%emt 0:01:09]} 29. Ke2 {[%emt 0:00:30]} Nd4+ {[%emt 0:07:49]} 30. Bxd4 {[%emt 0:00:41]} Rxb1 {[%emt 0:00:13]} 31. Rxb1 {[%emt 0:00:43]} Rxd4 {[%emt 0:00:10]} 32. Rh1 {[%emt 0:00:29]} Rxa4 {[%emt 0:00:31]} 33. Rxh7 {[%emt 0:00:42]} Rc4 {[%emt 0:01:17]} 34. Kd3 {[%emt 0:06:17]} Rxc5 {[%emt 0:00:12]} 35. Rf7 {[%emt 0:00:22]} Rc6 {[%emt 0:00:56]} 36. c3 {[%emt 0:02:55]} a5 {[%emt 0:01:52]} 37. Kc2 {[%emt 0:00:36]} a4 {[%emt 0:00:15]} 38. Kb2 {[%emt 0:00:03]} b5 {[%emt 0:00:20]} 39. g4 {[%emt 0:00:20]} Kd8 {[%emt 0:04:05]} 40. g5 {[%emt 0:00:00]} fxg5 {[%emt 0:01:40]} 41. Rf5 {[%emt 0:01:15]} Rc5 {[%emt 0:01:19]} 42. Rxg5 {[%emt 0:00:02]} Ke7 {[%emt 0:00:27]} 43. f4 {[%emt 0:00:06]} Ke6 {[%emt 0:01:02]} 44. g4 {[%emt 0:04:20]} Rd5 {[%emt 0:00:26]} 1/2-1/2

[Event "XIX Sants Open 2017"]
[Site "Cotxeres de Sants"]
[Date "2017.08.21"]
[Round "4"]
[White "Fabregas Fontanet, Antonio"]
[Black "Casset Bello, Elena"]
[Result "1/2-1/2"]
[WhiteElo "1834"]
[BlackElo "1936"]
[Annotator "NA"]
[PlyCount "70"]
[EventDate "2017.??.??"]
[EventType "swiss"]
[EventCountry "ESP"]
[SourceTitle "playchess.com"]
[Source "ChessBase"]
[SourceQuality "1"]
[TimeControl "40/5400+30:1800+30"]

1. e4 e5 2. Nf3 Nc6 3. Bb5 a6 4. Ba4 Nf6 5. O-O Be7 6. Qe2 b5 7. Bb3 O-O 8. c3 d6 9. h3 Bb7 10. d4 Re8 11. dxe5 Nxe5 12. Nxe5 dxe5 13. Bc2 c5 14. Nd2 Qc7 15. Nf3 c4 16. Nh4 Nxe4 17. Nf5 Nf6 18. Bg5 Qc6 19. Nxe7+ Rxe7 20. f3 Ree8 21. Rae1 h6 22. Bc1 Rad8 23. Qf2 Qd6 24. Rd1 Qe7 25. Rxd8 Qxd8 26. Qg3 Kh8 27. Be3 Qe7 28. Re1 Qd7 29. Qh4 Qc6 30. Re2 Ba8 31. Qg3 Bb7 32. Bc1 Qd6 33. Qh4 Qc6 34. Be3 Ba8 35. Bc1 Bb7 1/2-1/2

[Event "XIX Sants Open 2017"]
[Site "Cotxeres de Sants"]
[Date "2017.08.21"]
[Round "4"]
[White "Lopez Arjona, Emilio"]
[Black "Abdelkader Garstka, Adam"]
[Result "1-0"]
[WhiteElo "1547"]
[BlackElo "1612"]
[Annotator "NA RC"]
[PlyCount "87"]
[EventDate "2017.??.??"]
[EventType "swiss"]
[EventCountry "ESP"]
[SourceTitle "playchess.com"]
[Source "ChessBase"]
[SourceQuality "1"]
[TimeControl "40/5400+30:1800+30"]

1. e4 c5 2. Nf3 e6 3. d4 cxd4 4. Nxd4 Nf6 5. Bd3 Nc6 6. Be3 d5 7. Nxc6 bxc6 8. e5 Nd7 9. Bf4 Ba6 10. O-O Bxd3 11. Qxd3 Be7 12. Re1 O-O 13. Qg3 Bh4 14. Qc3 Bg5 15. Be3 c5 16. Bxg5 Qxg5 17. Qe3 Qf5 18. Qe2 Rab8 19. c3 Nb6 20. b3 c4 21. Na3 cxb3 22. axb3 Nd7 23. Nc2 Rb7 24. Nd4 Qg5 25. Nf3 Qe7 26. Ra5 Rc8 27. Rc1 Rxb3 28. Rxa7 Rbxc3 29. Rxc3 Rxc3 30. Ra8+ Nf8 31. g3 Qb7 32. Ra2 Ng6 33. Kg2 h6 34. Rb2 Qc7 35. h4 Rc4 36. h5 Re4 37. Qb5 Nf8 38. Qe8 Qd7 39. Qa8 g6 40. Rb8 Qe7 41. Rb7 Qc5 42. Qe8 Kh8 43. Qxf7 Nd7 44. Rxd7 1-0

[Event "XIX Sants Open 2017"]
[Site "Cotxeres de Sants"]
[Date "2017.08.21"]
[Round "4"]
[White "Maza Navarro, Llorens"]
[Black "Riera Mestres, Josep"]
[Result "1-0"]
[WhiteElo "1542"]
[BlackElo "1568"]
[Annotator "NA"]
[PlyCount "59"]
[EventDate "2017.??.??"]
[EventType "swiss"]
[EventCountry "ESP"]
[SourceTitle "playchess.com"]
[Source "ChessBase"]
[SourceQuality "1"]
[TimeControl "40/5400+30:1800+30"]

1. d4 {[%emt 0:00:00]} g6 {[%emt 0:01:12]} 2. e4 {[%emt 0:00:23]} Bg7 {[%emt 0:00:27]} 3. Nf3 {[%emt 0:01:47]} d6 {[%emt 0:00:18]} 4. Bc4 {[%emt 0:00:58]} e6 {[%emt 0:00:42]} 5. Nc3 {[%emt 0:03:52]} Ne7 {[%emt 0:02:30]} 6. O-O {[%emt 0:02:57]} O-O {[%emt 0:00:15]} 7. Bg5 {[%emt 0:02:51]} h6 {[%emt 0:00:41]} 8. Be3 {[%emt 0:00:41]} c6 {[%emt 0:13:44]} 9. d5 {[%emt 0:10:46]} e5 {[%emt 0:07:43]} 10. Nd2 {[%emt 0:01:13]} Kh7 {[%emt 0:11:03]} 11. Be2 {[%emt 0:00:38]} Nd7 {[%emt 0:02:16]} 12. Nc4 {[%emt 0:03:56]} cxd5 {[%emt 0:07:29]} 13. Nxd5 {[%emt 0:00:17]} Nxd5 {[%emt 0:00:33]} 14. Qxd5 {[%emt 0:00:16]} Nf6 {[%emt 0:01:22]} 15. Qxd6 {[%emt 0:03:07]} Nxe4 {[%emt 0:01:01]} 16. Qxd8 {[%emt 0:00:25]} Rxd8 {[%emt 0:00:07]} 17. f3 {[%emt 0:01:19]} Nd6 {[%emt 0:01:28]} 18. Rad1 {[%emt 0:00:18]} Nxc4 {[%emt 0:00:24]} 19. Bxc4 {[%emt 0:00:58]} Rf8 {[%emt 0:13:50]} 20. Bc5 {[%emt 0:00:36]} Rh8 {[%emt 0:02:55]} 21. Bxf7 {[%emt 0:00:31]} b6 {[%emt 0:00:16]} 22. Bd5 {[%emt 0:00:46]} Ba6 23. Rfe1 {[%emt 0:02:22]} bxc5 {[%emt 0:04:08]} 24. Bxa8 {[%emt 0:00:09]} Rxa8 {[%emt 0:00:05]} 25. Rd7 {[%emt 0:00:54]} Bc4 {[%emt 0:02:08]} 26. b3 {[%emt 0:03:32]} Bg8 {[%emt 0:03:33]} 27. Rxe5 {[%emt 0:00:42]} Kh8 {[%emt 0:03:00]} 28. Rxc5 {[%emt 0:02:48]} Be6 {[%emt 0:00:30]} 29. Rd1 {[%emt 0:00:13]} Rc8 {[%emt 0:01:10]} 30. Rxc8+ {[%emt 0:00:27]} 1-0

[Event "XIX Sants Open 2017"]
[Site "Cotxeres de Sants"]
[Date "2017.08.21"]
[Round "4"]
[White "Lopez Oliva, Victor"]
[Black "Romero Gamez, Francisco Javier"]
[Result "1-0"]
[WhiteElo "1530"]
[BlackElo "1548"]
[Annotator "NA"]
[PlyCount "25"]
[EventDate "2017.??.??"]
[EventType "swiss"]
[EventCountry "ESP"]
[SourceTitle "playchess.com"]
[Source "ChessBase"]
[SourceQuality "1"]
[TimeControl "40/5400+30:1800+30"]

1. e4 {[%emt 0:00:07]} c5 {[%emt 0:00:24]} 2. d4 {[%emt 0:00:08]} cxd4 {[%emt 0:00:24]} 3. c3 {[%emt 0:00:14]} dxc3 {[%emt 0:00:16]} 4. Nxc3 {[%emt 0:00:08]} Nc6 {[%emt 0:00:17]} 5. Nf3 {[%emt 0:00:25]} d6 {[%emt 0:00:36]} 6. Bc4 {[%emt 0:02:07]} Nf6 {[%emt 0:01:42]} 7. O-O {[%emt 0:01:35]} e6 {[%emt 0:06:00]} 8. Qe2 {[%emt 0:04:58]} Be7 {[%emt 0:06:14]} 9. Rd1 {[%emt 0:03:51]} Qb6 {[%emt 0:05:33]} 10. Nb5 {[%emt 0:13:17]} Na5 {[%emt 0:22:17]} 11. Be3 {[%emt 0:07:02]} Qc6 {[%emt 0:02:45]} 12. Nxd6+ {[%emt 0:02:30]} Bxd6 {[%emt 0:01:03]} 13. Bb5 {[%emt 0:00:08]} 1-0

[Event "XIX Sants Open 2017"]
[Site "Cotxeres de Sants"]
[Date "2017.08.22"]
[Round "5"]
[White "Jumabayev, Rinat"]
[Black "Mons, Leon"]
[Result "1-0"]
[WhiteElo "2610"]
[BlackElo "2483"]
[Annotator "TA"]
[PlyCount "75"]
[EventDate "2017.??.??"]
[EventType "swiss"]
[EventCountry "ESP"]
[SourceTitle "playchess.com"]
[Source "ChessBase"]
[SourceQuality "1"]

{[%evp 12,75,33,29,43,26,28,25,28,-4,43,33,41,0,13,-13,-20,-57,0,-12,0,0,12,0,24,14,20,26,19,21,12,15,56,60,62,65,52,14,55,50,83,78,75,73,73,68,60,62,63,60,100,103,109,95,200,202,418,438,433,420,463,474,640,640,619,599]} 1. e4 e5 2. Nf3 Nc6 3. Bc4 Nf6 4. d3 Be7 5. O-O O-O 6. Re1 d6 7. a3 {LiveBook: 51 Games} Nd7 {C55: Two Knights: 4 d3, 4 d4 exd4 5 e5 and Max Lange Attack} (7... h6 8. Nc3 Be6 9. Nd5 Qd7 10. c3 Rae8 11. b4 Bd8 12. Nxf6+ Bxf6 13. Bxe6 Rxe6 14. b5 Ne7 15. c4 {½-½ (36) Grischuk,A (2754)-Sethuraman,S (2640) Baku 2016}) 8. Nc3 $146 ({Predecessor:} 8. b4 Nb6 9. Bb3 a6 10. Be3 Kh8 11. d4 Bg4 12. dxe5 Nxe5 13. Nbd2 Bf6 14. Bxb6 Bxf3 15. gxf3 cxb6 {0-1 (35) Djurhuus,R (2466)-Tisdall,J (2442) Norway 2005}) 8... Nb6 9. Ba2 Kh8 {White has an edge.} 10. b4 a6 11. Be3 f5 12. exf5 Bxf5 13. Bxb6 cxb6 14. Nd2 {[%cal Bf3d2,Bd2f1,Bf1g3,Bg3e4][%mdl 32]} Nd4 {Hoping for ...Rc8.} 15. Ne2 Nxe2+ 16. Qxe2 Rc8 17. Nf1 Bg5 18. Ng3 Bd7 19. Bd5 Bc6 20. c4 b5 21. Ne4 bxc4 22. dxc4 Bxd5 23. cxd5 Be7 24. a4 Qd7 25. Reb1 Kg8 26. b5 a5 27. b6 Ra8 28. Rb5 Rfc8 29. g3 Qh3 30. Rb3 Qh6 31. Kg2 Qg6 32. Ra2 {[%cal Ba1a2,Ba2c2,Bc2c1][%mdl 32]} Rc1 (32... Qe8 $16 {was necessary.}) 33. Rc2 $18 Rc8 $2 {[#]} (33... Rxc2 34. Qxc2 Rf8) 34. Rxc1 $1 Rxc1 {[#]} 35. Rb5 $1 {[%cal Rb5a5]} h5 {intending ...h4.} 36. Rxa5 {White is clearly winning.} h4 37. Ra8+ Kh7 38. Qd3 {Precision: White = 67%, Black = 38%.} 1-0

[Event "XIX Sants Open 2017"]
[Site "Cotxeres de Sants"]
[Date "2017.08.22"]
[Round "5"]
[White "Grigoryan, Karen H"]
[Black "Karthik Venkataraman"]
[Result "1/2-1/2"]
[WhiteElo "2570"]
[BlackElo "2316"]
[Annotator "TA"]
[PlyCount "61"]
[EventDate "2017.??.??"]
[EventType "swiss"]
[EventCountry "ESP"]
[SourceTitle "playchess.com"]
[Source "ChessBase"]
[SourceQuality "1"]

{[%evp 10,61,24,17,27,14,36,-1,13,13,11,14,15,8,11,11,18,12,21,8,10,15,8,26,103,111,119,112,119,98,225,136,141,131,125,110,108,96,114,18,16,18,32,14,19,9,6,9,16,-24,20,16,23,0]} 1. e4 c5 2. Nf3 a6 3. c3 {[%cal Bc2c3,Bc3c4][%mdl 32]} e6 4. d4 d5 5. e5 Bd7 6. Be3 {LiveBook: 25 Games. B28: Sicilian: 2 Nf3 a6 (O'Kelly Variation)} Qb6 7. Qd2 (7. Nbd2 cxd4 8. Bxd4 Qc7 9. Bd3 Bb5 10. Bxb5+ axb5 11. Qe2 Qd7 12. O-O Nh6 13. Nb3 Nf5 {0-1 (37) Anton Guijarro,D (2627)-Hou,Y (2663) Almaty 2016}) 7... Nh6 8. c4 $146 {White is slightly better.} (8. dxc5 {feels hotter.} Bxc5 9. Bxh6 gxh6 10. Bd3 Bb5 11. Bxb5+ Qxb5 12. b4) ({Predecessor:} 8. Be2 Nf5 9. O-O Bb5 10. Bxb5+ axb5 11. dxc5 Bxc5 12. Bxc5 Qxc5 13. Nd4 Nxd4 14. cxd4 {0-1 (44) Cordes,M (2000)-Scho,C (2175) Werther 2001}) 8... Nf5 9. dxc5 Bxc5 10. Bxc5 Qxc5 11. cxd5 Qxd5 12. Qxd5 exd5 13. Nc3 {[%cal Bb1c3,Bc3d5,Bd5b6][%mdl 32]} Be6 14. O-O-O (14. Bd3 $5 {[%cal Rd3f5]}) 14... Nc6 15. Nxd5 {Black must now prevent Nc7+.} O-O-O $1 16. Bc4 Na5 {[#]} (16... b5 $11 {keeps the balance.} 17. Bb3 Na5) 17. Nb6+ $1 $16 Kc7 18. Bxe6 fxe6 19. Na4 b6 (19... Nc6 $16 {keeps fighting.}) 20. Ng5 Rde8 21. Kb1 {aiming for Rc1+.} Nc6 22. Rc1 {Hoping for g4.} h6 23. Nf3 Rd8 24. Rhd1 (24. Rc3 $16) 24... Rxd1 $11 25. Rxd1 Rf8 26. Nc3 g5 $1 {[%cal Bg7g5,Bg5g4][%mdl 32]} 27. Ne2 g4 28. Nd2 Nh4 29. g3 {[#] And now Nf4 would win.} Ng6 (29... Rxf2 $5 30. Nf4 $8 Nf3 31. Nxe6+ Kb8 $11) 30. Ne4 Rf5 31. Rc1 {Precision: White = 41%, Black = 53%.} (31. h3 $5 {[%cal Rh3g4]}) 1/2-1/2

[Event "XIX Sants Open 2017"]
[Site "Cotxeres de Sants"]
[Date "2017.08.22"]
[Round "5"]
[White "Novikov, Stanislav"]
[Black "Erdogdu, Mert"]
[Result "0-1"]
[WhiteElo "2538"]
[BlackElo "2423"]
[Annotator "TA"]
[PlyCount "68"]
[EventDate "2017.??.??"]
[EventType "swiss"]
[EventCountry "ESP"]
[SourceTitle "playchess.com"]
[Source "ChessBase"]
[SourceQuality "1"]

{[%evp 17,68,39,26,16,33,16,21,0,0,0,12,0,14,0,8,-33,-30,-55,-48,-37,0,0,0,0,0,0,-22,-7,-2,-14,54,8,0,-30,-45,-391,-382,-1086,-1074,-1169,-1180,-1029,-1084,-1037,-1061,-1175,-1158,-1131,-649,-1291,-1249,-1169,-1121]} 1. d4 d5 2. c4 dxc4 3. e4 Nc6 4. Nf3 Bg4 5. d5 Ne5 6. Bf4 Ng6 7. Be3 Nf6 8. Nc3 e5 {D07: Queen's Gambit: Chigorin Defence} 9. Bxc4 Nh4 {LiveBook: 15 Games} 10. Bb5+ Nd7 $1 {The position is equal.} 11. Rg1 Bd6 12. h3 $146 ({Predecessor:} 12. Bg5 Nxf3+ 13. gxf3 Qxg5 14. Rxg4 Qf6 15. Qa4 Rd8 16. Qxa7 Qxf3 17. Bxd7+ Rxd7 {0-1 (40) Freitag,M (2380)-Stevic,H (2621) Austria 2012}) 12... Bxf3 13. gxf3 Ng6 14. Qb3 (14. Bg5 $5 {[%cal Rg5d8]} f6 15. Be3 $11) 14... O-O 15. Be2 a6 16. Rg4 b5 17. Qc2 Nf4 18. Bf1 h5 19. Rg1 Rc8 {[%cal Ba8c8,Bc8c6,Bc6c2][%mdl 32]} 20. O-O-O c6 21. dxc6 Rxc6 {aiming for ...b4.} 22. Kb1 Qb8 {[#] ...b4 is the strong threat.} 23. Qd2 $1 b4 ({Black should play} 23... Nf6 $11) 24. Nd5 b3 $36 {[%cal Bb4b3,Bb3a2][%mdl 2080] Black is more active.} 25. Bxf4 exf4 26. e5 $2 {[%mdl 8192] [#]} (26. Qd4 $15 g6 27. e5) 26... Rc2 $1 $19 {[%cal Rc2d2]} 27. Nf6+ $2 (27. exd6 Rxd2 28. Rxd2 bxa2+ 29. Kxa2) 27... Nxf6 {Black is clearly winning.} 28. Qxd6 bxa2+ 29. Kxc2 Rc8+ 30. Bc4 Rxc4+ 31. Kd3 Qb3+ 32. Ke2 Ne8 33. Qa3 Qb5 {( -> ...Rc2+)} 34. Ke1 Rc2 {Precision: White = 37%, Black = 62%.} 0-1